| 000 | 00437nam a2200169Ia 4500 | ||
|---|---|---|---|
| 999 |
_c28631 _d28631 |
||
| 003 | OSt | ||
| 005 | 20250704165415.0 | ||
| 008 | 250310s9999||||xx |||||||||||||| ||und|| | ||
| 040 | _c. | ||
| 082 |
_a343.0965 _bG4751 |
||
| 100 |
_9771 _aGill, J. S. |
||
| 245 | 0 |
_aManual of merchant shipping act 1958 / _cJ.S. Gill |
|
| 250 | _a1st ed. | ||
| 260 |
_aMumbai : _bBhandarkar Publication, _c2008. |
||
| 300 | _axxxiv, 273 p. | ||
| 942 |
_cBK _2ddc |
||